000 00751nam a22002411 4500
001 12668
003 BD-RjUL
005 20211208235333.0
008 140129s1966 ne a b 001 0 eng d
035 _a(BD-RjUL)12718
040 _aDLC
_cDLC
_dDLC
_d(BD-RjUL)
_beng
041 _aeng
082 0 0 _a620.11
_bHOF 1966
100 1 _aHolister, G. S.
_939441
245 1 0 _aFibre reinforced materials /
_cby G. S. Holister
260 _aAmsterdam ;
_aNew York :
_bElsevier Pub. Co.,
_c1966
300 _axiv, 154 p. :
_bill. ;
_c23 cm.
504 _aIncludes index and bibliographical references.
650 0 _aFibrous composites.
_939442
700 1 _aThomas, Cledwyn,
_d1940-
_ejoint author.
_939443
942 _2ddc
_cBK
999 _c12668
_d12668